Rozhodovací proces v štátnej správe

Salvato in:
Dettagli Bibliografici
Autore principale: Kašpar, Michal
Natura: Libro
Lingua:slovacco
Pubblicazione: Bratislava Práca 1990
Edizione:1. vyd.
Tags: Aggiungi Tag
Nessun Tag, puoi essere il primo ad aggiungerne!!

MARC

LEADER 00000nam a2200000 4500
001 c022718
005 20221215071430.1
041 0 |a slo 
044 |a SK 
245 1 0 |a Rozhodovací proces v štátnej správe  |c Michal Kašpar 
250 |a 1. vyd. 
264 1 |a Bratislava  |b Práca  |c 1990 
300 |a 51 s. 
100 1 |a Kašpar, Michal